Warna selepas gerimis

Bibliographic Details
Main Author: Swanlerd Pro Poul
Format: Book
Published: Kuala Lumpur : Creative Enterprise Sdn.Bhd. , 1993

MARC

LEADER 00000cam a2200000 7i4500
001 0000009441
002 000010282
005 20011105.0
020 |a 98389300105 
090 0 0 |a F   |b SWA 
100 0 |a Swanlerd Pro Poul 
245 1 0 |a Warna selepas gerimis   |c Swanlerd Pro Poul 
260 |a Kuala Lumpur :   |b Creative Enterprise Sdn.Bhd. ,   |c 1993 
300 |a 120p. ;   |c 21cm. 
999 |a 044834   |b BUKU   |c PINJAMAN   |e PERPUSTAKAAN KOMUNITI CAW KOTA DAMANSARA 
999 |a 044835   |b BUKU   |c FICTION   |e PERPUSTAKAAN KOMUNITI CAW KOTA DAMANSARA 
999 |a 044836   |b BUKU   |c FICTION   |e PERPUSTAKAAN KOMUNITI CAW KOTA DAMANSARA